Datum a čas kvízu
27
Celkem bodů
Celkový počet nahraných bodů na tomto kvízu bez doplňovacích otázek.
4.
Pořadí na kvízu
Konečné umístění týmu na tomto kvízu.
Zaznamenané odpovědi
| # | Otázka | Odpověď | Body | Výsledky |
|---|---|---|---|---|
| 1. | Medvědu ušatému jménem Jirka v... | Konopiště | 0 | |
| 2. | V pondělí proběhla inaugurace... | Michelle Obama | 0 | |
| 3. | Minulý týden byl zveřejněn tea... | Erdoğan Atalay | 0 | |
| 4. | Automobilka Citroën již zaháji... | 2CV (Kachna, Kačena, Kachnička) | 0 | |
| 5. | Úterní zápas fotbalové Ligy mi... | Benfica (Lisabon), Barcelona | 1 | |
| 6. | Za půl bodu napište, jak se jm... | Tři soutěsky; Čína | 0.5 | |
| 7. | Kterým přídavným jménem na 11... | geotermální | 1 | |
| 8. | Akademik Lomonosov je ruská ja... | B | 0 | |
| 9. | Pearl Street Station byla prvn... | Thomas Alva Edison | 1 | |
| 10. | Téma zakončíme v České republi... | med | 0 |